Estadísticas para Idiomas Hablados por el Mayor Políglota del Mundo

Haz click aquí para intentar la prueba.

Estadísticas generales

  • Esta prueba ha sido intentada 60 veces
  • La puntuación promedio es 37 de 58

Estadísticas de respuestas

Idiomas% Correcto
Chino Mandarín
100%
Español
100%
Inglés
100%
Singlish
100%
Francés
98%
Japonés
98%
Portugués
98%
Alemán
96%
Árabe
96%
Griego
94%
Griego Chipriota
94%
Italiano
94%
Ruso
94%
Chino Cantonés
88%
Chino Shangainés
88%
Finés
86%
Neerlandés
86%
Noruego
86%
Serbocroata
86%
Sueco
86%
Coreano
84%
Turco
84%
Danés
80%
Rumano
80%
Hindi
78%
Húngaro
76%
Búlgaro
75%
Tailandés
73%
Hebreo
71%
Islandés
71%
Polaco
71%
Vietnamita
69%
Checo
67%
Malayo
59%
Mongol
59%
Persa
53%
Albanés
51%
Bengalí
51%
Armenio
49%
Indonesio
47%
Jemer
47%
Laosiano
43%
Nepalí
43%
Urdu
41%
Suajili
39%
Uzbeko
37%
Azerí
33%
Birmano
27%
Pastún
27%
Tayiko
24%
Kirguís
22%
Cingalés
20%
Amárico
18%
Malgache
18%
Dzongkha
16%
Papiamento
12%
Fiyiano
10%
Tibetano
8%

Distribución de puntuación

Porcentaje por número respondido

Porcentaje de gente con cada puntuación

Historial de tus puntuaciones

No has intentado esta prueba.